Study on different application pf calcium on the growth of melon (Cucumis melo L.), សិក្សាកម្រិតកាល់ស្យូម លើការលូតលាស់នៃដំណាំត្រសក់ផ្អែម (Record no. 25849)
[ view plain ]
| 000 -LEADER | |
|---|---|
| fixed length control field | 00529nam a22001217a 4500 |
| 040 ## - CATALOGING SOURCE | |
| Transcribing agency | VONG PHANNITH, RUA |
| 082 ## - DEWEY DECIMAL CLASSIFICATION NUMBER | |
| Classification number | MGR CHI 2025 B707 Or.1 |
| 100 ## - MAIN ENTRY--AUTHOR NAME | |
| Personal name | CHIM, PHA / ជីម ផា |
| 245 ## - TITLE STATEMENT | |
| Title | Study on different application pf calcium on the growth of melon (Cucumis melo L.), សិក្សាកម្រិតកាល់ស្យូម លើការលូតលាស់នៃដំណាំត្រសក់ផ្អែម |
| 260 ## - PUBLICATION, DISTRIBUTION, ETC. (IMPRINT) | |
| Place of publication | PHNOM PENH |
| Name of publisher | RUA |
| Year of publication | 2025 |
| 300 ## - PHYSICAL DESCRIPTION | |
| Number of Pages | ix,37p. |
| Other physical details | ill. |
| Dimensions | 29cm. |
| 942 ## - ADDED ENTRY ELEMENTS (KOHA) | |
| Koha item type | MGR |
| 952 ## - LOCATION AND ITEM INFORMATION (KOHA) | |
| Withdrawn status [LOCAL, KOHA] | 0 |
| 952 ## - LOCATION AND ITEM INFORMATION (KOHA) | |
| Withdrawn status [LOCAL, KOHA] | 0 |
| Permanent Location | Date acquired | Koha item type | Lost status | Shelving location | Barcode | Current Location | Full call number |
|---|---|---|---|---|---|---|---|
| Library Block B | 2026-06-04 | MGR | B707 | B713067 | Library Block B | MGR CHI 2025 B707 Or.1 | |
| Library Block B | 2026-06-04 | MGR | B707 | B712200 | Library Block B | MGR CHI 2025 B707 Or.2 |